| 000 | 00454nam a2200145Ia 4500 | ||
|---|---|---|---|
| 008 | 170221s9999 xx 000 0 und d | ||
| 100 | _aJ. Barry Dickinson | ||
| 245 | _aSymbiotic marketing: a network perspective | ||
| 245 | _cJ. Barry Dickinson, Holy Family University. | ||
| 260 | _bJournal of Management and Marketing Research | ||
| 260 | _c2015 | ||
| 300 | _a10 : 1 | ||
| 650 | _xBusiness | ||
| 856 | _uhttp://www.aabri.com/manuscripts/121241.pdf | ||
| 999 |
_c313548 _d313548 |
||